000 00566nam a2200181Ia 4500
008 090124s9999 xx 000 0 und d
082 _b38408
100 _aशेवते अरूण
245 _a त्यांच्याबद्दल
250 _a1
260 _bदिलीप प्रकाशन
_c2002
300 _a192
600 _aशेवते अरूण
630 _a त्यांच्याबद्दल
700 _aशेवते अरूण
730 _a त्यांच्याबद्दल
942 _cBOOK
999 _c104437
_d104437